National motifs on a young world citizen's luggage
Elmentve itt :
| Szerző: | |
|---|---|
| Testületi szerző: | |
| Dokumentumtípus: | Könyv része |
| Megjelent: |
1999
|
| Sorozat: | Ész, élet, egzisztencia
Európai integráció - európai filozófia : [nemzetközi konferencia, Szeged, 1998 szept. 17-18.] |
| Kulcsszavak: | Filozófia |
| Tárgyszavak: | |
| Online Access: | http://acta.bibl.u-szeged.hu/9498 |
| LEADER | 00879naa a2200229 i 4500 | ||
|---|---|---|---|
| 001 | acta9498 | ||
| 005 | 20211216111648.0 | ||
| 008 | 161015s1999 hu o 0|| eng d | ||
| 022 | |a 0866-028X | ||
| 040 | |a SZTE Egyetemi Kiadványok Repozitórium |b hun | ||
| 041 | |a eng | ||
| 100 | 1 | |a Kalmár Zoltán | |
| 245 | 1 | 0 | |a National motifs on a young world citizen's luggage |h [elektronikus dokumentum] / |c Kalmár Zoltán |
| 260 | |c 1999 | ||
| 300 | |a 250-259 | ||
| 490 | 0 | |a Ész, élet, egzisztencia | |
| 490 | 0 | |a Európai integráció - európai filozófia : [nemzetközi konferencia, Szeged, 1998 szept. 17-18.] | |
| 650 | 4 | |a Bölcsészettudományok | |
| 650 | 4 | |a Filozófia, etika és vallástudományok | |
| 695 | |a Filozófia | ||
| 710 | |a Európai integráció - európai filozófia (1998) (Szeged) | ||
| 856 | 4 | 0 | |u http://acta.bibl.u-szeged.hu/9498/1/esz_006_250-259.pdf |z Dokumentum-elérés |